书目信息 |
| 题名: |
日·英·汉IT词汇速查手册
|
|
| 作者: | 车成利 , 薛馨缤 主编 | |
| 分册: | ||
| 出版信息: | 上海 上海世界图书出版公司 2009.08 |
|
| 页数: | 455页 | |
| 开本: | 21cm | |
| 丛书名: | ||
| 单 册: | ||
| 中图分类: | G202-61 | |
| 科图分类: | ||
| 主题词: | 信息技术--词汇--日语--英语--汉语 | |
| 电子资源: | ||
| ISBN: | 978-7-5100-0867-2 | |
| 000 | 00862nam0 2200241 450 | |
| 001 | 012010610757 | |
| 005 | 20100620171546.59 | |
| 009 | 012004396667 | |
| 010 | @a978-7-5100-0867-2@dCNY32.00 | |
| 100 | @a20100515d2009 em y0chiy0110 ea | |
| 101 | 0 | @achi@ajpn@aeng |
| 102 | @aCN@b310000 | |
| 105 | @ay z 000yy | |
| 200 | 1 | @a日·英·汉IT词汇速查手册@Ari· ying· hanI T ci hui su cha shou ce@f车成利, 薛馨缤主编@Fche cheng li,xue xin bin zhu bian |
| 210 | @a上海@c上海世界图书出版公司@d2009.08 | |
| 215 | @a455页@d21cm | |
| 330 | @a本书精心收录了8500余条与信息技术相关的词条,内容包括计算机学、应用软件、操作系统、计算机网络、数据库、数据结构等。 | |
| 606 | 0 | @a信息技术@x词汇@x日语@x英语@x汉语 |
| 690 | @aG202-61@v4 | |
| 701 | 0 | @a车成利@Ache cheng li@4主编 |
| 701 | 0 | @a薛馨缤@Axue xin bin@4主编 |
| 801 | 0 | @aCN@c20100515 |
| 905 | @dG202-61@eC326@f3 | |
| 日·英·汉IT词汇速查手册/车成利, 薛馨缤主编.-上海:上海世界图书出版公司,2009.08 |
| 455页;21cm |
| ISBN 978-7-5100-0867-2:CNY32.00 |
| 本书精心收录了8500余条与信息技术相关的词条,内容包括计算机学、应用软件、操作系统、计算机网络、数据库、数据结构等。 |
| ● |
| 相关链接 |
|
|
|
正题名:日·英·汉IT词汇速查手册
索取号:G202-61/C326
 
预约/预借
| 序号 | 登录号 | 条形码 | 馆藏地/架位号 | 状态 | 备注 |